Women & Islam / (Record no. 76384)

MARC details
000 -LEADER
fixed length control field 00567nam a22001937a 4500
005 - DATE AND TIME OF LATEST TRANSACTION
control field 20130614121512.0
010 ## - LCCN (DPL NO)
LC control number ENG-107454
020 ## - INTERNATIONAL STANDARD BOOK NUMBER
International Standard Book Number 9788191055085
Terms of availability 795.00
035 ## - SYSTEM CONTROL NUMBER
System control number EN-90987
037 ## - SOURCE OF ACQUISITION
Source of stock number/acquisition DBAD/PUB
082 ## - DEWEY DECIMAL CLASSIFICATION NUMBER
Classification number 270.82
100 ## - MAIN ENTRY--PERSONAL NAME
Personal name Sharma, S.K.
245 ## - TITLE STATEMENT
Title Women & Islam /
Statement of responsibility, etc by S.K.Sharma
260 ## - PUBLICATION, DISTRIBUTION, ETC. (IMPRINT)
Place of publication, distribution, etc New Delhi
Name of publisher, distributor, etc Shakti Publishers and Distributors
Date of publication, distribution, etc 2011
270 ## - ADDRESS
Address H-12, Jagat Puri,
City Delhi
Postal code 110051
300 ## - PHYSICAL DESCRIPTION
Extent 279p.
Dimensions 22cm(Hb)
500 ## - GENERAL NOTE
General note Includes bibliographical references and index
942 ## - ADDED ENTRY ELEMENTS (KOHA)
Source of classification or shelving scheme Dewey Decimal Classification
Item type English Books
Call number suffix SHA
Classification part 270.82
Holdings
Withdrawn status Lost status Not for loan Collection code Home library Current library Date acquired Source of acquisition Cost, normal purchase price Full call number Barcode Copy number Cost, replacement price Koha item type
    Not For Loan Non-fiction D.B.Act.Division D.B.Act.Division 31/05/2013 DBAD / PUB 795.00 270.82 SHA EN-90987 1 795.00 English Books

© Delhi Public Library
Hit Counter
free hit counter